[Event "COL pre olympic sf"]
[Site "Bogota"]
[Date "2016.05.27"]
[Round "4"]
[White "Arnedo, Jhon"]
[Black "Quinonez Garcia, Santiago"]
[Result "1/2-1/2"]
[WhiteElo "1842"]
[BlackElo "2125"]
[PlyCount "124"]
[EventDate "2016.05.25"]
[EventType "swiss"]
[EventRounds "9"]
[EventCountry "COL"]
[SourceTitle "CBM 172 Extra"]
[Source "ChessBase"]
[SourceDate "2016.06.21"]
[SourceVersion "1"]
[SourceVersionDate "2016.06.21"]
[SourceQuality "1"]

1. e4 c5 2. Nf3 g6 3. d4 cxd4 4. Qxd4 Nf6 5. e5 Nc6 6. Qa4 Nd5 7. Bb5 Bg7 8. 0-0 0-0 9. Re1 a6 10. Qe4 axb5 11. Qxd5 b4 12. Nbd2 Ra5 13. Qe4 Nxe5 14. Qxb4 Nc6 15. Qb3 d5 16. c3 e5 17. Nf1 e4 18. N3d2 Ne5 19. Ng3 Nd3 20. Rf1 h5 21. c4 h4 22. Ne2 dxc4 23. Qxc4 Rc5 24. Qxe4 Re5 25. Qc4 Rxe2 26. Nf3 Nxc1 27. Raxc1 Rxb2 28. Rfd1 Qb6 29. Qxh4 Bf6 30. Qg3 Bf5 31. h4 Ra8 32. Rd6 Qb5 33. Rxf6 Rb1 34. Rxb1 Qxb1+ 35. Kh2 Ra3 36. Qb8+ Kg7 37. Qe5 Kf8 38. Rxf7+ Kxf7 39. Ng5+ Kf8 40. Qd6+ Ke8 41. Qxa3 Qb5 42. Qd6 Qb2 43. Ne6 Qxa2 44. Qd8+ Kf7 45. Ng5+ Kg7 46. Qe7+ Kg8 47. Qxb7 Qc4 48. Qh7+ Kf8 49. Qh8+ Ke7 50. Qe5+ Kf8 51. Qf6+ Ke8 52. Nf3 Qf4+ 53. Kh1 Qc1+ 54. Ng1 Qf4 55. Qc6+ Kf7 56. Nf3 Ke7 57. Qc5+ Kf7 58. Qc4+ Qxc4 59. Ne5+ Kg7 60. Nxc4 Kf6 61. Ne3 Be6 62. g4 Ke5 1/2-1/2

[Event "COL pre olympic sf"]
[Site "Bogota"]
[Date "2016.05.26"]
[Round "3"]
[White "Valle, Efrain"]
[Black "Arnedo, Jhon"]
[Result "0-1"]
[WhiteElo "2105"]
[BlackElo "1842"]
[PlyCount "106"]
[EventDate "2016.05.25"]
[EventType "swiss"]
[EventRounds "9"]
[EventCountry "COL"]
[SourceTitle "CBM 172 Extra"]
[Source "ChessBase"]
[SourceDate "2016.06.21"]
[SourceVersion "1"]
[SourceVersionDate "2016.06.21"]
[SourceQuality "1"]

1. e4 e5 2. Nf3 Nc6 3. Bc4 Be7 4. d4 d6 5. dxe5 Nxe5 6. Nxe5 dxe5 7. Qe2 Nf6 8. Nc3 c6 9. Bg5 0-0 10. Rd1 Qb6 11. Bb3 Bg4 12. f3 Be6 13. Bxe6 fxe6 14. Qc4 Kf7 15. Qb3 Bb4 16. a3 Ba5 17. Rd3 Qxb3 18. cxb3 Rfd8 19. Ke2 Rxd3 20. Kxd3 Rd8+ 21. Ke2 Bb6 22. b4 Bd4 23. Rd1 Rd6 24. Be3 Ke7 25. Bxd4 Rxd4 26. Rc1 Rd6 27. Nd1 Rd7 28. Nf2 Ne8 29. Ng4 Nd6 30. Nxe5 Rc7 31. a4 h5 32. Ng6+ Kf6 33. Nf4 h4 34. Rc5 Nf7 35. b5 Nd8 36. Ke3 g5 37. e5+ Kf5 38. Ne2 b6 39. Nd4+ Kg6 40. Rc4 c5 41. Ke4 Rd7 42. Nb3 Nf7 43. g3 hxg3 44. hxg3 Rd5 45. f4 Nh6 46. Rc3 Ng4 47. Rf3 Rd1 48. Rc3 Re1+ 49. Kd3 Kf5 50. fxg5 Rxe5 51. Nd2 Re3+ 52. Kc2 Kxg5 53. Rxe3 Nxe3+ 0-1

[Event "COL pre olympic sf2"]
[Site "Cartagena"]
[Date "2016.05.08"]
[Round "8"]
[White "Arnedo, Jhon"]
[Black "Menassa, Elias"]
[Result "1-0"]
[WhiteElo "1842"]
[BlackElo "2123"]
[PlyCount "91"]
[EventDate "2016.05.04"]
[EventType "swiss"]
[EventRounds "9"]
[EventCountry "COL"]
[SourceTitle "CBM 172 Extra"]
[Source "ChessBase"]
[SourceDate "2016.06.21"]
[SourceVersion "1"]
[SourceVersionDate "2016.06.21"]
[SourceQuality "1"]

1. e4 e5 2. Nf3 Nc6 3. Bc4 Nf6 4. Ng5 d5 5. exd5 Nd4 6. Nc3 Bg4 7. f3 Bf5 8. d3 Bc5 9. d6 0-0 10. dxc7 Qxc7 11. Nge4 Nxe4 12. Nxe4 Bb6 13. c3 Ne6 14. Qe2 Nf4 15. Bxf4 exf4 16. d4 Rae8 17. 0-0 Bg6 18. Rfe1 Kh8 19. Qf1 Re5 20. Nf2 Rg5 21. Bd3 f5 22. Re5 Rh5 23. Rae1 Qd8 24. Re7 Bc7 25. Nh3 Be8 26. Bb5 Bc6 27. Bxc6 bxc6 28. Qe2 Bd6 29. Re8 Qf6 30. Qe6 Rh6 31. Ng5 Qxe6 32. R8xe6 Kg8 33. Rxh6 gxh6 34. Nh3 Kf7 35. Nf2 c5 36. dxc5 Bxc5 37. Re5 Bxf2+ 38. Kxf2 Kf6 39. Rd5 Ke6 40. c4 Rc8 41. b3 h5 42. Ke1 h4 43. h3 h5 44. Kd1 Rg8 45. Rd2 a5 46. Kc2 1-0

[Event "COL pre olympic sf2"]
[Site "Cartagena"]
[Date "2016.05.05"]
[Round "3"]
[White "Fernandez, William"]
[Black "Arnedo, Jhon"]
[Result "0-1"]
[WhiteElo "1613"]
[BlackElo "1842"]
[PlyCount "76"]
[EventDate "2016.05.04"]
[EventType "swiss"]
[EventRounds "9"]
[EventCountry "COL"]
[SourceTitle "CBM 172 Extra"]
[Source "ChessBase"]
[SourceDate "2016.06.21"]
[SourceVersion "1"]
[SourceVersionDate "2016.06.21"]
[SourceQuality "1"]

1. d4 Nf6 2. c4 g6 3. Nc3 Bg7 4. e4 d6 5. Bd3 0-0 6. Nge2 e5 7. d5 Nbd7 8. f3 a5 9. Be3 Nc5 10. Bc2 c6 11. Qd2 cxd5 12. cxd5 Nfd7 13. h4 Nb6 14. b3 h5 15. g3 f5 16. Nb5 f4 17. gxf4 exf4 18. Bd4 Be5 19. Bxe5 dxe5 20. Qc3 Nbd7 21. 0-0-0 b6 22. Rdg1 Rf6 23. Rg5 Ba6 24. a4 Rc8 25. Qb2 Nd3+ 26. Kb1 Nxb2 27. Kxb2 Bxb5 28. axb5 Qc7 29. Bd3 Qd6 30. Rhg1 Kh7 31. R1g2 Qb4 32. Bc2 a4 33. Nxf4 exf4 34. e5 Nxe5 35. Rxh5+ Kg7 36. Rhg5 Nc4+ 37. Kc1 Qe1+ 38. Bd1 Ne3+ 0-1

[Event "COL pre olympic sf2"]
[Site "Cartagena"]
[Date "2016.05.04"]
[Round "1"]
[White "Franco Valencia, Angela Maria"]
[Black "Arnedo, Jhon"]
[Result "1-0"]
[WhiteElo "2215"]
[BlackElo "1842"]
[PlyCount "61"]
[EventDate "2016.05.04"]
[EventType "swiss"]
[EventRounds "9"]
[EventCountry "COL"]
[SourceTitle "CBM 172 Extra"]
[Source "ChessBase"]
[SourceDate "2016.06.21"]
[SourceVersion "1"]
[SourceVersionDate "2016.06.21"]
[SourceQuality "1"]

1. e4 e5 2. Nf3 Nc6 3. Bb5 Nf6 4. 0-0 Bc5 5. Nxe5 Nxe5 6. d4 Be7 7. dxe5 Nxe4 8. Qg4 Ng5 9. f4 c6 10. Bd3 d5 11. Qe2 Qb6+ 12. Kh1 Ne6 13. f5 Nc5 14. f6 Nxd3 15. cxd3 Bf8 16. a4 Be6 17. a5 Qc7 18. Nc3 gxf6 19. exf6 Bd6 20. Re1 h5 21. h3 0-0-0 22. Be3 Rdg8 23. Nb5 Qd7 24. Nxd6+ Qxd6 25. Bg1 Rg5 26. Bh2 Qb4 27. Qe3 Rhg8 28. Qxa7 Kd7 29. a6 Bxh3 30. Re7+ Qxe7 31. Qxb7+ 1-0

[Event "Cartagena Bolivar"]
[Site "Cartagena"]
[Date "2014.03.07"]
[Round "5"]
[White "Arnedo, Jhon"]
[Black "Lora, Joel Fernando"]
[Result "0-1"]
[WhiteElo "1684"]
[BlackElo "2110"]
[PlyCount "38"]
[EventDate "2014.03.03"]
[EventType "tourn"]
[EventRounds "9"]
[EventCountry "COL"]
[SourceTitle "CBM 159 Extra"]
[Source "ChessBase"]
[SourceDate "2014.04.24"]
[SourceVersion "1"]
[SourceVersionDate "2014.04.24"]
[SourceQuality "1"]

1. e4 c5 2. Nf3 d6 3. d4 cxd4 4. Nxd4 Nf6 5. Nc3 a6 6. Be2 e5 7. Nb3 Be6 8. Bg5 Be7 9. 0-0 Nbd7 10. Qd3 Rc8 11. Rfd1 0-0 12. Qg3 Kh8 13. Rd2 Qe8 14. Bd3 Nh5 15. Qh4 f6 16. Be2 fxg5 17. Qxh5 g6 18. Qh6 Rf4 19. g3 Bf8 0-1

[Event "Cartagena Bolivar"]
[Site "Cartagena"]
[Date "2014.03.03"]
[Round "1"]
[White "Arnedo, Jhon"]
[Black "Villamil, Nahum Jose"]
[Result "1-0"]
[WhiteElo "1684"]
[BlackElo "1850"]
[PlyCount "89"]
[EventDate "2014.03.03"]
[EventType "tourn"]
[EventRounds "9"]
[EventCountry "COL"]
[SourceTitle "CBM 159 Extra"]
[Source "ChessBase"]
[SourceDate "2014.04.24"]
[SourceVersion "1"]
[SourceVersionDate "2014.04.24"]
[SourceQuality "1"]

1. e4 e6 2. d4 d5 3. e5 c5 4. Nf3 Nc6 5. c3 Qb6 6. Bd3 Bd7 7. dxc5 Bxc5 8. 0-0 f6 9. Qe2 fxe5 10. Nxe5 Nxe5 11. Qxe5 Nf6 12. Nd2 0-0-0 13. Nb3 Ng4 14. Qe2 Bxf2+ 15. Rxf2 Rhf8 16. Be3 Nxe3 17. Rxf8 Rxf8 18. Nd4 e5 19. Qxe3 exd4 20. Qxd4 Qxd4+ 21. cxd4 Rf4 22. Rc1+ Bc6 23. Rd1 h6 24. g3 Rf6 25. Rf1 Kc7 26. Rxf6 gxf6 27. g4 Kb6 28. Kf2 a5 29. Ke3 Bb5 30. Bc2 Bd7 31. Kf4 Kb5 32. Bd3+ Kb4 33. h4 a4 34. h5 a3 35. bxa3+ Kc3 36. Bf5 Bb5 37. Be6 Kxd4 38. Kf5 Be2 39. Kxf6 b5 40. g5 hxg5 41. h6 g4 42. h7 g3 43. h8Q g2 44. Qh2 Bf3 45. Bh3 1-0

[Event "Cartagena op"]
[Site "Cartagena"]
[Date "2012.01.10"]
[Round "1"]
[White "Lora, Joel Fernando"]
[Black "Arnedo, Jhon"]
[Result "1-0"]
[WhiteElo "2161"]
[BlackElo "1644"]
[PlyCount "97"]
[EventDate "2012.01.10"]
[EventType "swiss"]
[EventRounds "7"]
[EventCountry "COL"]
[SourceTitle "EXT 2013"]
[Source "ChessBase"]
[SourceDate "2012.11.22"]
[SourceVersion "1"]
[SourceVersionDate "2012.11.22"]
[SourceQuality "1"]

1. Nf3 Nf6 2. c4 c5 3. d4 cxd4 4. Nxd4 Nc6 5. Nc3 d5 6. cxd5 Nxd5 7. Ndb5 Nxc3 8. Qxd8+ Kxd8 9. bxc3 e5 10. Bg5+ f6 11. Rd1+ Bd7 12. Bc1 a6 13. Nd6 Bxd6 14. Rxd6 Kc7 15. Rd2 Be6 16. e4 Rhd8 17. Rb2 Na5 18. Be2 Bc4 19. Be3 b5 20. a4 Rab8 21. axb5 Rxb5 22. Rxb5 axb5 23. f4 exf4 24. Bxf4+ Kc6 25. Kf2 Bxe2 26. Kxe2 Nc4 27. Ra1 g5 28. Be3 Nxe3 29. Kxe3 Kc5 30. Ra6 Kc4 31. Rc6+ Kb3 32. Rc5 Kc2 33. Rd5 Rc8 34. Rxb5 Rxc3+ 35. Ke2 Rc6 36. Rf5 Kc3 37. Ke3 Kc4 38. Rd5 h5 39. h4 Rc5 40. Rd6 f5 41. hxg5 fxe4 42. Kf4 e3 43. Re6 Rc8 44. g6 Kd5 45. Rxe3 Rc4+ 46. Kg5 Rg4+ 47. Kh6 Rxg2 48. Kh7 Kd4 49. Re1 1-0